00912naa a22002417a 4500001001000000003000900010005001700019007000300036008003400039040005400073041000900127072001400136100001900150111006900169245004600238500013200284773010100416650001100517650001300528650001300541650001700554490009900571BR9402073BR-BrBNA20250721155440.0ta250630b bl.|||m| |||| 00| 0 por d aBR-BrBNAbporcBiblioteca Nacional de Agricultura a(En) aK10b03161 aAnderson, A.B.1 a1. Simposio do Tropico UmidocBelem, PA (Brazil)d12-17 Nov 19841 aUse and management of native palm forests a1. Simposio do Tropico Umido. Anais. Vol. 2 Belem, PA (Brasil): 1986. p. 253-261 [Summaries (En, Pt); 34 ref.] (BR9402073-AMS) 0 t1. Simposio do Tropico Umido. Anais. Vol. 2wK10 BR9402073gBelem, PA (Brasil), 1986. p. 253-261 aBabacu aPalmeira aFloresta aDesmatamento aDocumentos - Centro de Pesquisa Agropecuaria do Tropico Umido (Brazil)vno. 36xISSN 0101-2835